| 000 | 00618nam a2200181 a 4500 | ||
|---|---|---|---|
| 008 | 120416s1977 ||||||||||||||||| || u | ||
| 020 | _a0201028484 | ||
| 050 | _aQA 267 Hen | ||
| 100 | _aHennie, Fred | ||
| 245 | 1 | 0 | _aIntroduction to computability |
| 260 |
_aReading, Mass. _bAddison-Wesley _c1977 |
||
| 300 | _aix, 374p. : ill. | ||
| 350 | _a0.00 | ||
| 650 | _aRECURSIVE FUNCTION | ||
| 650 | _aCOMPUTER ALGORITHMS | ||
| 650 | 0 | _aCOMPUTATIONAL COMPLEXITY | |
| 995 |
_D0.00 _FCBU-MAIN LIBRARY (Kitwe) _H1 _I16.00 _M1 _UAVAILABLE _ZMain Library Open Access Collection |
||
| 999 |
_c47659 _d47659 |
||